00649nam a2200181Ia 4500003000900000008004100009040001300050040001300063041000800076100001800084245004900102250001100151260001500162260000900177300000800186490000900194600026400203IT-RoPAU120407s9999 xx 000 0 und d aIT-RoPAU cIT-RoPAU aita aAdrien Nocent aCelebrare Gesù Cristo. L’anno liturgico. aAssisi aCittadella c1976 c cm v1717 a"1° v. Intro-l’Avvento 260 p. 2° v. Natale - Epifania 232 p. 3° v. Quaresima 352 p. 4° v. Tempo Pasquale 408 p. 5° v. T. Ord. - Domeniche da 2 a 8 280 p. 6° v. T. Ord. Domeniche da 9 a 21 : 264 p. 7° v. T. Ord. - Domeniche da 22 a 34 256 p. "